Tous les Badges dans Animal Crossing New Leaf - Statistiques

Statistiques générales
  • Ce quiz a été pris 4 fois
  • Le résultat moyen est 5 sur 72
Statistiques - réponses
Catégorie+
Condition d'obtention
Nom du Badge % Correct
Badge de collections d'insectes-orCollection remplie à 100% (72 insectes) Entomologiste
50%
Badge pour avoir assisté aux concerts de Kéké Laglisse-orVoir Kéké en concert 100 fois Fan de KékéGroupie de Kéké
50%
Badge de fréquence de plongée-argentAvoir remonté 200 créatures marines Plongeur confirméPlongeuse confirmée
50%
Badge pour avoir acheté-orAvoir dépensé 5 000 000 clochettes Acheteur compulsifAcheteuse compulsive
25%
Badge pour avoir épargné des clochettes-orÉpargner 100 000 000 de Clochettes Banque sur pattes
25%
Badge pour avoir été serviable-bronzeRépondre affirmativement à 50 demandes Bonne pâte
25%
Badge de fréquence de capture d'insectes-bronzeAvoir capturé 500 insectes Chasseur du dimancheChasseuse du dimanche
25%
Badge pour l'envoi de lettres-orAvoir envoyé 200 lettres Ecrivain
25%
Badge de collections d'insectes-argentCollection remplie à 80% (58 insectes) Frère des insectesSoeur des insectes
25%
Badge pour l'envoi de lettres-bronzeAvoir envoyé 50 lettres Gratte-papier
25%
Badge de collection de poissons-orCollection remplie à 100% (72 poissons) Ichtyologiste
25%
Badge de fréquence de pêche-bronzeAvoir pêché 500 poissons Pêcheur amateurPêcheuse amateur
25%
Badge de fréquence de pêche-argentAvoir pêché 2000 poissons Pêcheur confirméPêcheuse confirmée
25%
Badge de fréquence de pêche-orAvoir pêché 5000 poissons Pêcheur proPêcheuse pro
25%
Badge de fréquence de plongée-bronzeAvoir remonté 100 créatures marines Plongeur amateurPlongeuse amateur
25%
Badge de fréquence de plongée-orAvoir remonté 1000 créatures marines Plongeur proPlongeuse pro
25%
Badge pour l'envoi de lettres-argentAvoir envoyé 100 lettres Scribe
25%
Badge pour avoir voyagé-bronzeVisiter 100 villes Touriste
25%
Badge pour avoir assisté aux concerts de Kéké Laglisse-bronzeVoir Kéké en concert 20 fois Admirateur de KékéAdmiratrice de Kéké
0%
Badge pour avoir rencontré des joueurs via StreetPass-argentUtiliser StreetPass 300 fois Amateur StreetPass
0%
Badges de collections des créatures sous-marines-bronzeCollection remplie à 50% (15 créatures marines) Ami des fruits de merAmie des fruits de mer
0%
Badge de collections d'insectes-bronzeCollection remplie à 50% (36 insectes) Ami des insectesAmie des insectes
0%
Badge de collection de poissons-bronzeCollection remplie à 50% (36 poissons) Ami des poissonsAmie des poissons
0%
Badge pour avoir acheté-bronzeAvoir dépensé 500 000 clochettes Bon clientBonne cliente
0%
Badge pour avoir été serviable-argentRépondre affirmativement à 100 demandes Bon samaritainBonne samaritaine
0%
Badge pour avoir rénové chez Serge-bronze30 meubles Bricoleur amateurBricoleuse amateur
0%
Badge pour avoir rénové chez Serge-argent100 meubles Bricoleur confirméBricoleuse confirmée
0%
Badge pour avoir rénové chez Serge-or250 meubles Bricoleur proBricoleuse pro
0%
Badge pour avoir éclaté des ballons-orAvoir éclaté 200 ballons Canon anti-aérien
0%
Badge de fréquence de capture d'insectes-argentAvoir capturé 2000 insectes Chasseur confirméChasseuse confirmée
0%
Badge de fréquence de capture d'insectes-orAvoir capturé 5000 insectes Chasseur proChasseuse pro
0%
Badge pour le nombre d'heures jouées cumulées-bronzeAvoir joué 50 heures Citoyen actifCitoyenne active
0%
Badge pour avoir été serviable-orRépondre affirmativement à 500 demandes Citoyen à tout faireCitoyenne à tout faire
0%
Badge pour le nombre d'heures jouées cumulées-orAvoir joué 500 heures Citoyen d'honneurCitoyenne d'honneur
0%
Badge pour le nombre d'heures jouées cumulées-argentAvoir joué 200 heures Citoyen émériteCitoyenne émérite
0%
Badge pour avoir épargné des clochettes-argentÉpargner 10 000 000 de Clochettes Coffre-fort humain
0%
Badge pour avoir débloqué le catalogue-argentAvoir débloqué 50% du catalogue Collectionneur actifCollectionneuse active
0%
Badge pour avoir débloqué le catalogue-bronzeAvoir débloqué 20% du catalogue Collectionneur passifCollectionneuse passive
0%
Badge pour avoir débloqué le catalogue-orAvoir débloqué 80% du catalogue Collectionneur proCollectionneuse pro
0%
Badge pour avoir éclaté des ballons-argentAvoir éclaté 100 ballons Contrôleur aérienContrôleuse aérienne
0%
Badge pour avoir accueilli dans sa ville-orAvoir accueilli des joueurs 500 fois Coordinateur socialCoordinatrice sociale
0%
Badge pour avoir rencontré des joueurs via StreetPass-bronzeUtiliser StreetPass 100 fois Débutant StreetPassDébutante StreetPass
0%
Badge de l'AJD-orObtenir 150 000 points AJD Décorateur hilareDécoratrice hilare
0%
Badge de l'AJD-argentObtenir 100 000 points AJD Décorateur rigolardDécoratrice rigolarde
0%
Badge de l'AJD-bronzeObtenir 50 000 points AJD Décorateur souriantDécoratrice souriante
0%
Badge pour avoir assisté aux concerts de Kéké Laglisse-argentVoir Kéké en concert 50 fois Dingue de Kéké
0%
Badge de vente de navets-bronzeBénéfice de 500 000 Clochettes EpicierEpicière
0%
Badge pour avoir accueilli dans sa ville-argentAvoir accueilli des joueurs 200 fois Esprit communautaire
0%
Badge pour avoir rencontré des joueurs via StreetPass-orUtiliser StreetPass 1000 fois Expert StreetPassExperte StreetPass
0%
Badge pour avoir accueilli dans sa ville-bronzeAvoir accueilli des joueurs 50 fois FêtardFêtarde
0%
Badge pour avoir acheté-argentAvoir dépensé 2 000 000 clochettes FlambeurFlambeuse
0%
Badges de collections des créatures sous-marines-argentCollection remplie à 80% (24 créatures marines) Frère des fruits de merSoeur des fruits de mer
0%
Badge de collection de poissons-argentCollection remplie à 80% (58 poissons) Frère des poissonsSoeur des poissons
0%
Badge pour avoir voyagé-argentVisiter 250 villes Grand voyageurGrande voyageuse
0%
Badge pour avoir rêvé-argentVisiter 200 villes en rêve Gros dormeurGrosse dormeuse
0%
Badge de vente de navets-argentBénéfice de 3 000 000 de Clochettes Grossiste
0%
Badge de jardinage-bronzePlanter 100 fleurs/arbres Jardinier du dimancheJardinière du dimanche
0%
Badge de jardinage-orPlanter 500 fleurs/arbres Jardinier proJardinière pro
0%
Badge de jardinage-argentPlanter 250 fleurs/arbres Jardinier saisonnierJardinière saisonnière
0%
Badge pour avoir rêvé-orVisiter 500 villes en rêve Marmotte
0%
Badge des médailles cumulées en excursion-argentAvoir gagné 1500 médailles Médaillé d'argentMédaillée d'argent
0%
Badge des médailles cumulées en excursion-bronzeAvoir gagné 300 médailles Médaillé de bronzeMédaillée de bronze
0%
Badge des médailles cumulées en excursion-orAvoir gagné 5000 médailles Médaillé d'orMédaillée d'or
0%
Badge pour avoir arraché les mauvaises herbes-orRetirer 5000 mauvaises herbes Nettoyeur acharnéNettoyeuse acharnée
0%
Badge pour avoir arraché les mauvaises herbes-argentRetirer 2000 mauvaises herbes Nettoyeur confirméNettoyeuse confirmée
0%
Badge pour avoir arraché les mauvaises herbes-bronzeRetirer 500 mauvaises herbes Nettoyeur dilettanteNettoyeuse dilettante
0%
Badge pour avoir voyagé-orVisiter 500 villes Nomade
0%
Badge pour avoir épargné des clochettes-bronzeÉpargner 1 000 000 de Clochettes Porte-monnaie vivant
0%
Badges de collections des créatures sous-marines-orCollection remplie à 100% (30 créatures marines) Prof ès fruits de mer
0%
Badge pour avoir rêvé-bronzeVisiter 50 villes en rêve RêveurRêveuse
0%
Badge pour avoir éclaté des ballons-bronzeAvoir éclaté 50 ballons Tête en l'air
0%
Badge de vente de navets-orBénéfice de 10 000 000 de Clochettes Trader
0%
Aucun quiz correspondant
Distribution des résultats
% des personnes avec chaque résultat
Percentile par nombre de réponses
Votre historique - résultats
Vous n’avez pas pris ce quiz